000
00310nam a2200133Ia 4500
008
190216s9999||||xx |||||||||||||| ||und||
100
_a
Prasanna Chandra
245
0
_a
Valuation Of Equity Shares In India
250
_a
1st Ed.
260
_b
S. Chand & Co
300
_a
148
650
_a
Economics
942
_c
BK
999
_c
9368
_d
9368